To Βιβλίο της Pascal (Record no. 3549)
[ view plain ]
| 000 -LEADER | |
|---|---|
| fixed length control field | 00980cam a22001694a 4500 |
| 005 - ΗΜΕΡΟΜΗΝΙΑ ΚΑΙ ΩΡΑ ΤΕΛΕΥΤΑΙΑΣ ΕΝΗΜΕΡΩΣΗΣ | |
| Πεδίο ελέγχου | 20250605163404.0 |
| 008 - FIXED-LENGTH DATA ELEMENTS--GENERAL INFORMATION | |
| Πεδίο ελέγχου σταθερού μήκους | 250528s ||||||||||||||||||||||||d |
| 035 ## - SYSTEM CONTROL NUMBER | |
| System control number | 18169 |
| 040 ## - ΠΗΓΗ ΚΑΤΑΛΟΓΟΓΡΑΦΗΣΗΣ | |
| Φορέας πρωτότυπης καταλογογράφησης | MC Athens Campus Library |
| Γλώσσα καταλογογράφησης | Ελληνικά, Μοντέρνα (1453-) |
| Modifying agency | MC Athens Campus Library |
| Κανόνες περιγραφικής καταλογογράφησης | AACR2 |
| 245 1# - ΤΙΤΛΟΣ ΚΑΙ ΔΗΛΩΣΗ ΥΠΕΥΘΥΝΟΤΗΤΑΣ | |
| Τίτλος | To Βιβλίο της Pascal |
| 260 ## - PUBLICATION, DISTRIBUTION, ETC. | |
| Name of publisher, distributor, etc. | Α.Σταμουλης |
| -- | Θεσσαλονίκη, |
| Date of publication, distribution, etc. | 1989 |
| 300 ## - PHYSICAL DESCRIPTION | |
| Extent | 320 |
| 520 ## - SUMMARY, ETC. | |
| Summary, etc. | Πρόλογος, Ιστορία της Pascal, Αρχιτεκτονική Προγράμματος, Θεμελιώδεις Έννοιες, Μορφές των Εντολών, Είσοδος και Έξοδος Δεδομένων, Πίνακες, Υποπρογράμματα, Pointers, Σύνολα, Παραδείγματα Ανακεφαλαίωσης, Ειδικά Θέματα στην Turbo Pascal, Αρχεία στην Turbo Pascal, Database Toolbox της Turbo Pascal, Λύσεις Ασκήσεων, Βιβλιογραφία, Ευρετήριο. |
| 942 ## - ADDED ENTRY ELEMENTS (KOHA) | |
| Koha item type | Books |
| Τύπος τεκμηρίου | Βιβλιοθήκη | Τρέχουσα τοποθεσία | Barcode | Αριθμός εισαγωγής | Ημερομηνία απόκτησης | Ταξιθετικό σύμβολο | Αριθμός αντιτύπου | Κατάσταση απόσυρσης | Κατάσταση χαμένου | Κατάσταση κατεστραμμένου | Μη δανεισμός | Σύνολο δανεισμών | Ημερομηνία τελευταίας εμφάνισης | Η τιμή ισχύει από |
|---|---|---|---|---|---|---|---|---|---|---|---|---|---|---|
| Books | MC Athens Campus Library | MC Athens Campus Library | 9780000035486 | 2362 | 05/06/2025 | 005.133 SΤΑ | 1 | 05/06/2025 | 05/06/2025 |